000 00593nam a22002057a 4500
003 OSt
005 20140310181717.0
008 130201t xxu||||| |||| 00| 0 eng d
020 _a9710860356
050 _aJA 66
_b.Ay987 2000
082 _a.Ay8 2000
_2FIL 320
_b.Ay987 2000
245 _aFundamentals of political science
_cAyson, Florentino G., Reyes, Dolores Aligada
260 _aMandaluyong City
_bNational Book Store, 2000
_cc1993
300 _axviii, 448 p.
_c23 cm.
521 _aCollege
526 _c1210L-1700L
541 _j1
562 _e1
942 _2lcc
_cBK-FIL
_kFIL
999 _c1834
_d1834